000 00370 a2200169 4500
001 191583
020 _a978-85-16-06713-7
040 _cMagnum
100 _aRocha, Ruth
240 1 0 _aO Ășltimo golpe de alvinho
_lpor
245 1 0 _aO Ășltimo golpe de alvinho
300 _a29
362 0 _a2010
440 1 _aModerna
697 _aLITERATURA INFANTO
942 _cBK
999 _c191583
_d191583